MDQL
is popping MORE tags! Check the
thread
!
Quizzes
Events
Quiz Creation
Community
Videos
Private Events
Remove Ads
Sign In
Join for FREE
Feedback
Dark Mode
Quiz Categories
Sports
Geography
Music
Movies
Television
Just For Fun
Miscellaneous
History
Literature
Language
Science
Gaming
Entertainment
Religion
Holiday
For Kids
Quiz Lab
Recent
Popular Today
Quiz Kudos Today
Editor Picks
Curator Picks
Quizzes by...
Day
Popularity
Type
Ratings
Length
Year
Community
Subscriptions
Recent Discussions
Orange Saloon
Badges
Playlists
Quests
Create
Leaderboards
Showdown
Live 5
Trivia Bingo
Activity
Puzzle Library
Sporcle Events
Private Events
Virtual Trivia
Globe League
Become a Host
Pub Owners
SporcleCon
Opinionation
Our Games
Videos
Blog
Mobile Apps
Partnerships
Remove Ads and Go Orange
Feedback
Television
TV Characters
TV Show
Sitcom
Network
Friends
Reality Shows
Cast
South Park
Star Trek
The Simpsons
Doctor Who
Television
TV Characters
TV Show
Sitcom
Network
Friends
Reality Shows
Cast
South Park
Star Trek
The Simpsons
Doctor Who
Random Quiz
Search Sporcle
×
Quiz Lab
Quiz Lab
Television
dare
Type in answers that appear in a list
Type in answers that appear in a list
Classic
Best Score? Go Orange.
Double Dare: The Quiz Stats
Can you name the facts about Double Dare?
By
Scorcher27
10m
12 Questions
378 Plays
378 Plays
378 Plays
Comments
Comments
Give Quiz Kudos
Give Quiz Kudos
-
- Ratings
hide this ad
No Skip
Answers have to be entered in order without skipping
Answers have to be entered in order without skipping
Replay
Link that replays current quiz
Next Quiz
Link to next quiz in quiz playlist
You Got
0%
They Got
Avg Score
47%
Avg Friend Score
Upgrade to see
Score Distribution
Jump to the score distribution portion of the page
Score
0/12
Timer
10:00
0
Plays Today
Question
Answer
% Correct
?
???
100%
?
???
65.6%
?
???
56.6%
?
???
48.4%
?
???
40.2%
?
???
35.2%
?
???
34.1%
?
???
33.3%
?
???
33.1%
?
???
32.5%
?
???
31.2%
?
???
21.7%
Quiz Playlist
Details
Report
Send in Message
Add To Playlist
Classic:
Type in answers that appear in a list
No Skip:
Answers have to be entered in order without skipping
Last Updated: Feb 16, 2017
Quiz Scoreboard
CHALLENGE
Sign Up to Join the Scoreboard
Show All
Scores
Hide
Comments
May contain spoilers
Recently Published
1-10 Letter E Words III
by El_Dandy
Language
2m
Street Fighter Characters
by Artimus82
Gaming
60s
College Basketball Coaching Resumes
by pancakes188
Sports
9m
More to Explore
Quiz From the Vault
Featured Blog Post
Where Did the Easter Bunny Come From?
hide this ad
You Might Also Like...
Tags
dare
double
Today's Top Quizzes in Television
Browse Television
hide this ad
Top Contributed Quizzes in Television
1
Survivor Journey Challenge
2
Adjectives in 80s TV Shows
3
Adjectives in 00s TV Shows
4
5-to-1: The Simpsons Families
5
5-to-1: Television Doctors
6
Adjectives in 10s TV Shows
7
7-to-1: TV Show Settings
8
Adjectives in 70s TV Shows
9
5-to-1: Streaming Originals
10
Survivor Seasons
Explore More
Trending Topics
NBA
Disney
Harry Potter
Kpop
Crossword
Marvel
Anime
NFL
Pokémon
Song
Country
Soccer
Puzzle
WWE
The Office
hide this ad
More By:
Scorcher27
Quiz
Plays
Rating
Category
Featured
Created
Apollo astronauts
2,145
4.57
History
Nov 8, 2009
US Navy commissioned officer ranks
1,005
4.50
History
Nov 5, 2009
Star Trek: Voyager crew
953
3.83
Television
Oct 18, 2009
Star Trek: The Original Series quotes
940
4.50
Television
Feb 3, 2010
Star Trek: Deep Space Nine crew
546
3.13
Television
Oct 18, 2009
Go to Creator's Profile
Score Distribution
Quiz Creator Spotlight
Scorcher27
Follow
Send a Message
Quizzes Created
-
Created Quiz Play Count
-
More By This Creator
Popular Quizzes Today
1
Find the US States - No Outlines Minefield
2
Find the Countries of Europe - No Outlines Minefield
3
The Countries of the World
4
Find the US States
5
Risky Map Clicking: Biggest States A-Z
6
US States
7
Popular People in 1961
8
Movies - When Are They Set?
More Television Quizzes
Click a 'C' TV Show II
Quiz Lab
Trending Quizzes
Risky Map Clicking: Least Populous States A-Z
USA Borders Longest to Shortest
1-10 Letter G Words
1-10 Letter F Words
Countries of the World: 200 Million BC
Recently Updated
Beyoncé Albums
pecheneg
Leaping Animals
pecheneg
Reality TV Shows (A-Z)
bhenderson79
Rickey Henderson's Hall of Fame Teammates
pecheneg
Champions League XIs: Arsenal
pecheneg
Quick Pick: Celebrities in WWE's Hall of Fame
aduchscher
A-Z Keypad Blitz II
pecheneg
Multiple Oscar Actors
pecheneg
Mystery Phrase Blitz: Oscar 'Best Actors'
pecheneg
F. Scott Fitzgerald Novels
LTH
Trending Topics
Crossword
Harry Potter
NBA
Marvel
Anime
Disney
Kpop
Pokémon
Song
Country
Soccer
The Office
Puzzle
NFL
WWE
Your Account Isn't Verified!
In order to create a playlist on Sporcle, you need to verify the email address you used during registration. Go to your
Sporcle Settings
to finish the process.
Report this User
Report this user for behavior that violates our
Community Guidelines
.
Details:
Send Report
Go to the Sporcle.com Mobile Site →
Comments